00694nam a2200229 a 4500001001300000003000900013005001700022008004100039020001000080082001700090100001900107245004400126260004700170500003500217505003100252650001700283700001900300902000800319942000700327952011700334999001300451nice12345678IN_TiNIC20260116011305.0050524s1925 laha grp 000 0 urd  ac10000a297.4bSHA26 aShah, Mohd Per aNizamut Tawheed and Other Sufi Writings aLahorebAllah Waaley Ki Qawmi Dukaanc1925 aincludes index and biblioraphy2 a4 Volume Bound in One Book aSufism-Tract1 aShah, Mohd Per bSRS cBK 001040708StackRoom-aHMIbHMId2009-01-28g100.00l0o297.4 SHA26p04056r2009-01-28v100.00w2005-05-24yBK c207d207